| 000 | 00825cab a2200265 4500 | ||
|---|---|---|---|
| 001 | ABS44419 | ||
| 008 | 090401t1991 xxu||||| |||| 00| 0 eng d | ||
| 035 | _a(Sirsi) u46995 | ||
| 041 | _aeng | ||
| 100 | _aRyland, D. | ||
| 245 | _aParticipating mortgages | ||
| 260 | _c1991 | ||
| 350 | _a0 | ||
| 490 |
_aSolicitors` Journal _v135(14) 12 April 1991, 435-436 (2) |
||
| 520 | _aBritain`s first participating mortgage is being negotiated and this article provides details of such a financial arrangement. | ||
| 650 | _aCOMMERCIAL MORTGAGES | ||
| 650 | _aPROPERTY-COMMERCIAL PROPERTY | ||
| 650 | _aCONVERTIBLE MORTGAGES | ||
| 650 | _aFINANCIAL SERVICES ACT 1986 | ||
| 650 | _aMORTGAGE LENDERS | ||
| 650 | _aMORTGAGES | ||
| 690 | _aPROPERTY-PROPERTY FINANCE AND INVESTMENT | ||
| 942 | _n0 | ||
| 948 | _c04/03/1997 | ||
| 999 |
_c29641 _d29641 |
||